International journal of emergency services

Detalles Bibliográficos
Formato: Electrónico Revista
Lenguaje:inglés
Publicado: Bingley, England : Emerald Group Publishing, 2012-
Materias:
Acceso en línea:Full text available from Research Library: 01/01/2012 to 1 year ago

MARC

LEADER 00000nas a2200000 i 4500
001 ssj0001072965
003 WaSeSS
005 20200512172242.0
006 m d
007 cr n
008 131220c20129999enkf| p|s|||||| |0eng d
022 |a 2047-0908  |l 2047-0894  |y 2047-0894 
035 |a (WaSeSS)ssj0001072965 
040 |a WaSeSS  |b eng  |c WaSeSS  |d WaSeSS 
050 1 4 |a HV551.2 
222 0 |a International journal of emergency services  |b (Online) 
245 0 0 |a International journal of emergency services  |h [electronic resource]. 
246 1 3 |a IJES 
260 |a Bingley, England :  |b Emerald Group Publishing,  |c 2012- 
310 |a Semiannual 
362 1 |a Began with Volume 1, Number 1 (2012). 
506 |a License restrictions may limit access. 
588 |a Description based on: Volume 1, Number 1 (2012); title from article pdf (ProQuest, viewed Dec. 18, 2013). 
588 |a Latest issue consulted: Volume 2, Number 2 (2013) (viewed Dec. 18, 2013). 
650 0 |a Emergency management  |v Periodicals. 
650 0 |a Assistance in emergencies  |v Periodicals. 
650 0 |a Rescue work  |v Periodicals. 
655 0 |a Electronic journals. 
776 0 8 |i Print version:  |t International journal of emergency services  |x 2047-0894 
856 4 0 |z Full text available from Research Library: 01/01/2012 to 1 year ago  |u https://search.proquest.com/publication/1396350